000 00835nam a2200217 i 4500
001 183266
003 ES-MaACL
005 20230906221841.0
008 140204s1946 sp |||| | spa d
080 _a656.2(460.235 B.)(09)
100 1 _aDalmau, Antonio R.
_9154366
245 1 0 _aDel "carril" de Mataró al directo de Madrid
_b: historia anecdótica de los ferrocarriles de Barcelona /
_cpor Antonio R. Dalmau.
260 _aBarcelona :
_bLibrería Millá,
_c1946 (
_f[Favencia])
300 _a91 p., [5 h. de lám.] :
_bil. ;
_c22 cm.
490 1 _aMonografías históricas de Barcelona ;
_v15
500 _aLas 5 lám. de col. ; 2 pleg.
650 4 _aFerrocarriles-
_zCataluña-
_vHistoria.
_9154367
830 0 _aMonografías históricas de Barcelona ;
_v15
_9191895
852 _aES-MaACL
_jE-4179
999 _c183266
_d183266